Linear systems (Record no. 181184)

000 -LEADER
fixed length control field 00360nam a2200133Ia 4500
008 - FIXED-LENGTH DATA ELEMENTS--GENERAL INFORMATION
fixed length control field 220217s9999||||xx |||||||||||||| ||und||
020 ## - INTERNATIONAL STANDARD BOOK NUMBER
International Standard Book Number 978-08-493-9217-7
082 ## - DEWEY DECIMAL CLASSIFICATION NUMBER
Classification number 621.382 SIN
100 ## - MAIN ENTRY--PERSONAL NAME
Personal name Sinha, Alok
9 (RLIN) 7566
245 #0 - TITLE STATEMENT
Title Linear systems
260 ## - PUBLICATION, DISTRIBUTION, ETC.
Place of publication, distribution, etc. CRC press
Name of publisher, distributor, etc. Boca Raton
Date of publication, distribution, etc. 2007
300 ## - PHYSICAL DESCRIPTION
Extent 472p.;28cm
Other physical details 495
650 ## - SUBJECT ADDED ENTRY--TOPICAL TERM
Topical term or geographic name entry element SIGNAL PROCESSING
9 (RLIN) 719
Holdings
Withdrawn status Lost status Damaged status Not for loan Collection code Home library Current library Date acquired Full call number Barcode Date last seen Price effective from Koha item type
        Electronics and Communication Engineering Central Library Central Library 02/18/2022 621.382 SIN 16373 02/18/2022 02/18/2022 Books

Powered by Koha